000 01157nam a2200349 i 4500
001 30263
003 KOSZ 005
005 20200803130312.0
008 s1994 pl f |000 0 pol
020 _a8385847456
040 _cKOSZ 005
_aKOSZ 005
_dKOSZ 005/EG
041 0 _apl
080 _a33
080 _a(03)
245 0 0 _aSłownik ekonomiczny :
_bdla przedsiębiorcy w warunkach rynku /
_c[przewodn. zespołu red. Zygmunt Dowgiałło ; aut. haseł Ryszard Budziński i in.].
250 _aWyd.4 uzup.
260 _aSzczecin :
_b"Znicz",
_c1994.
300 _a264 s. ;
_c21 cm.
336 _2rdacontent
_aTekst
_btxt
337 _2rdamedia
_aBez urządzenia pośredniczącego
_bn
338 _2rdacarrier
_aWolumin
_bnc
380 _aKsiążki
388 _a1901-2000
388 _a1989-2000
650 7 _aNauki ekonomiczne
655 7 _aEncyklopedia
658 _aGospodarka, ekonomia, finanse
700 1 _aDowgiałło, Zygmunt
_eRedakcja
700 1 _aBudziński, Ryszard
_eAutor
856 _uhttp://koha.tu.koszalin.pl/cgi-bin/koha/opac-detail.pl?biblionumber=30263
_yKatalog online BPK
942 _cKS
_2UKD
999 _c30263
_d30263